Loading...

Power system analyis & design

Bibliographic Details
Main Author: Glover, J. Duncan
Other Authors: Sama, Mulukutla S., Overbye, Thomas J.
Format: Printed Book
Published: New Delhi Cengage Learning 2012
Edition:5th
Subjects:
LEADER 00586nam a22001937a 4500
020 |a 9788131516355 
082 |a 621.319  |b GLO/P 
100 |a Glover, J. Duncan 
245 |a Power system analyis & design 
250 |a 5th 
260 |a New Delhi  |b Cengage Learning  |c 2012 
300 |a 827p. 
650 |a Power system  
650 |a Engineering 
700 |a Sama, Mulukutla S. 
700 |a Overbye, Thomas J. 
942 |c BK 
999 |c 34266  |d 34266 
952 |0 0  |1 0  |4 0  |6 621_319000000000000_GLOP  |7 0  |8 Stack  |9 36254  |a KUCL  |b KUCL  |c Stack  |d 2015-08-13  |l 0  |o 621.319 GLO/P  |p 31270  |r 2015-08-18  |w 2015-08-13  |y BK